[Event "Vaujany op 12th"]
[Site "Vaujany"]
[Date "2021.07.15"]
[Round "1"]
[White "Rayne, Remy"]
[Black "Boyer, Mahel"]
[Result "0-1"]
[WhiteElo "2016"]
[BlackElo "2412"]
[PlyCount "62"]
[EventDate "2021.07.15"]
[EventType "swiss"]
[EventRounds "9"]
[EventCountry "FRA"]
[SourceTitle "EXT 2022"]
[Source "ChessBase"]
[SourceDate "2021.10.06"]
[SourceVersion "1"]
[SourceVersionDate "2021.10.06"]
[SourceQuality "1"]

1. Nf3 Nf6 2. c4 e6 3. d4 c5 4. e3 d5 5. cxd5 exd5 6. Be2 Be7 7. 0-0 0-0 8. dxc5 Bxc5 9. Nd4 Nc6 10. Nxc6 bxc6 11. Nd2 Bd6 12. Nf3 Ne4 13. Qc2 Qf6 14. Bd3 Re8 15. Nd2 Qh6 16. f4 Nc5 17. Nf3 Nxd3 18. Qxd3 Qg6 19. Qc3 c5 20. b3 Bb7 21. Bb2 f6 22. h3 Kh8 23. g4 h5 24. Kf2 d4 25. exd4 Qe4 26. dxc5 Qxf4 27. cxd6 Bxf3 28. Rfe1 Be2+ 29. Kg1 Re3 30. Rxe2 Rxe2 31. Rf1 Qh2# 0-1

[Event "Salon de Provence op 5th"]
[Site "Salon de Provence"]
[Date "2014.07.06"]
[Round "2"]
[White "Rayne, Remy"]
[Black "Milchev, Nikolay"]
[Result "0-1"]
[WhiteElo "1936"]
[BlackElo "2424"]
[PlyCount "34"]
[EventDate "2014.07.05"]
[EventType "swiss"]
[EventRounds "9"]
[EventCountry "FRA"]
[SourceTitle "EXT 2015"]
[Source "ChessBase"]
[SourceDate "2014.11.20"]
[SourceVersion "1"]
[SourceVersionDate "2014.11.20"]
[SourceQuality "1"]

1. d4 Nf6 2. c4 g6 3. Nf3 Bg7 4. g3 0-0 5. Bg2 d6 6. 0-0 Nc6 7. Nc3 a6 8. a3 Bg4 9. Qd3 e5 10. d5 Bxf3 11. exf3 Nd4 12. Ne4 Nd7 13. f4 f5 14. Nc3 c5 15. Re1 exf4 16. Bxf4 Qc7 17. Qe3 Rac8 0-1

[Event "Marseille op 6th"]
[Site "Marseille"]
[Date "2013.12.26"]
[Round "2"]
[White "Nikolov, Momchil"]
[Black "Rayne, Remy"]
[Result "1-0"]
[WhiteElo "2529"]
[BlackElo "1925"]
[PlyCount "79"]
[EventDate "2013.12.26"]
[EventType "swiss"]
[EventRounds "9"]
[EventCountry "FRA"]
[SourceTitle "CBM 158 Extra"]
[Source "ChessBase"]
[SourceDate "2014.02.28"]
[SourceVersion "1"]
[SourceVersionDate "2014.02.28"]
[SourceQuality "1"]

1. d4 e6 2. c4 f5 3. g3 Nf6 4. Bg2 d5 5. Nf3 c6 6. 0-0 Bd6 7. b3 Qe7 8. Bb2 0-0 9. Nbd2 Bd7 10. Ne5 Be8 11. Ndf3 Bh5 12. Nd3 Ne4 13. Nfe5 Nd7 14. f3 Nef6 15. Qd2 c5 16. Nxd7 Nxd7 17. cxd5 exd5 18. dxc5 Nxc5 19. Nf4 Bxf4 20. Qxf4 Qxe2 21. Bxg7 Kxg7 22. Qd4+ Rf6 23. Qxc5 Qe6 24. Rad1 Bf7 25. Rfe1 Qb6 26. Qxb6 axb6 27. Rd2 Rd6 28. Re7 Re8 29. Rxb7 Kf6 30. Kf2 d4 31. f4 h6 32. Rc7 Bh5 33. Rc6 Rxc6 34. Bxc6 Re6 35. Bb5 Rd6 36. a4 Bf7 37. b4 Ke7 38. Ke2 Bh5+ 39. Kd3 Bf7 40. Re2+ 1-0